Oasis Songs Quiz - Statistics

General Stats
  • This quiz has been taken 771 times
  • The average score is 44 of 135
Answer Stats
Hint Answer % Correct
(What's The Story) Morning Glory? Wonderwall
92%
(What's The Story) Morning Glory? Don't Look Back In Anger
85%
Definitely Maybe Supersonic
85%
Definitely Maybe Live Forever
83%
(What's The Story) Morning Glory? Champagne Supernova
82%
Definitely Maybe Slide Away
81%
Definitely Maybe Rock 'n' Roll Star
76%
Definitely Maybe Cigarettes & Alcohol
75%
(What's The Story) Morning Glory? Morning Glory
75%
(What's The Story) Morning Glory? Hello
72%
Definitely Maybe Married With Children
71%
Definitely Maybe Columbia
70%
Definitely Maybe Shakermaker
69%
Definitely Maybe Digsy's Dinner
67%
(What's The Story) Morning Glory? Roll With It
67%
(What's The Story) Morning Glory? She's Electric
67%
Be Here Now Stand By Me
67%
(What's The Story) Morning Glory? (Deluxe) The Masterplan
67%
(What's The Story) Morning Glory? (Deluxe) Acquiesce
66%
(What's The Story) Morning Glory? Some Might Say
62%
Definitely Maybe (Deluxe) Half The World Away
61%
(What's The Story) Morning Glory? Cast No Shadow
59%
Heathen Chemistry Stop Crying Your Heart Out
57%
Definitely Maybe (Deluxe) Whatever
57%
Be Here Now All Around The World
56%
Be Here Now All Around The World (Reprise)
56%
Be Here Now Be Here Now
56%
Definitely Maybe Bring It On Down
56%
Definitely Maybe Up In The Sky
56%
Standing On The Shoulder Of Giants Fuckin' in the Bushes
54%
(What's The Story) Morning Glory? Hey Now!
53%
(What's The Story) Morning Glory? The Swamp Song (Excerpt 1)
53%
(What's The Story) Morning Glory? The Swamp Song (Excerpt 2)
53%
Be Here Now D'You Know What I Mean?
52%
Heathen Chemistry Little By Little
52%
Be Here Now Don't Go Away
51%
Heathen Chemistry The Hindu Times
51%
Don't Believe The Truth Lyla
50%
(What's The Story) Morning Glory? (Deluxe) Talk Tonight
50%
Definitely Maybe (Deluxe) Fade Away
49%
Heathen Chemistry Songbird
49%
Standing On The Shoulder Of Giants Gas Panic!
48%
Don't Believe The Truth The Importance Of Being Idle
48%
Definitely Maybe (Deluxe) I Am The Walrus
43%
Standing On The Shoulder Of Giants Go Let It Out
42%
Standing On The Shoulder Of Giants Little James
41%
(What's The Story) Morning Glory? (Deluxe) Bonehead's Bank Holiday
40%
Definitely Maybe (Deluxe) Listen Up
40%
Be Here Now Magic Pie
40%
Be Here Now The Girl In The Dirty Shirt
40%
Be Here Now My Big Mouth
39%
Definitely Maybe (Deluxe) Sad Song
39%
(What's The Story) Morning Glory? (Deluxe) Rockin' Chair
37%
Dig Out Your Soul I'm Outta Time
35%
Don't Believe The Truth Let There Be Love
35%
Be Here Now I Hope, I Think, I Know
34%
Standing On The Shoulder Of Giants Sunday Morning Call
33%
Dig Out Your Soul The Shock Of The Lightning
32%
(What's The Story) Morning Glory? (Deluxe) Headshrinker
31%
(What's The Story) Morning Glory? (Deluxe) Cum On Feel The Noize
30%
Be Here Now Fade In-Out
30%
(What's The Story) Morning Glory? (Deluxe) Round Are Way
30%
Standing On The Shoulder Of Giants Roll It Over
29%
(What's The Story) Morning Glory? (Deluxe) Underneath The Sky
29%
Definitely Maybe (Deluxe) D'Yer Wanna Be A Spaceman
28%
Be Here Now (Deluxe) Stay Young
28%
Standing On The Shoulder Of Giants Where Did It All Go Wrong?
28%
Standing On The Shoulder Of Giants Who Feels Love?
27%
Definitely Maybe (Deluxe) Cloudburst
26%
(What's The Story) Morning Glory? (Deluxe) Step Out
26%
Definitely Maybe (Deluxe) (It's Good) To Be Free
25%
Heathen Chemistry She is Love
25%
Don't Believe The Truth Turn Up The Sun
24%
Be Here Now It's Gettin' Better (Man!!)
23%
Heathen Chemistry Force of Nature
22%
Definitely Maybe (Deluxe) Take Me Away
22%
Dig Out Your Soul Bag It Up
21%
Dig Out Your Soul Falling Down
21%
Be Here Now (Deluxe) Going Nowhere
21%
Standing On The Shoulder Of Giants I Can See A Liar
21%
Heathen Chemistry Better Man
20%
Don't Believe The Truth Mucky Fingers
20%
Standing On The Shoulder Of Giants Put Yer Money Where Yer Mouth Is
20%
Definitely Maybe (Deluxe) Alive
19%
Heathen Chemistry Born On A Different Cloud
18%
Dig Out Your Soul Soldier On
18%
Dig Out Your Soul (Get Off Your) High Horse Lady
17%
Don't Believe The Truth Guess God Thinks I'm Abel
16%
Heathen Chemistry Hung In A Bad Place
16%
Be Here Now (Deluxe) My Sister Lover
16%
Dig Out Your Soul The Turning
16%
Dig Out Your Soul Waiting For The Rapture
16%
Singles Helter Skelter
15%
(What's The Story) Morning Glory? (Deluxe) It's Better People
15%
Heathen Chemistry A Quick Peep
14%
Definitely Maybe (Deluxe) I Will Believe
14%
Singles Let's All Make Believe
14%
Be Here Now (Deluxe) The Fame
14%
Don't Believe The Truth The Meaning of Soul
14%
(What's The Story) Morning Glory? (Deluxe) You've Got To Hide Your Love Away
14%
Don't Believe The Truth A Bell Will Ring
13%
Be Here Now (Deluxe) Flashbax
13%
Singles Heroes
13%
Don't Believe The Truth Part Of The Queue
13%
Don't Believe The Truth Keep The Dream Alive
12%
Don't Believe The Truth Love Like A Bomb
12%
Singles My Generation
12%
Singles Lord Don't Slow Me Down
11%
Dig Out Your Soul The Nature of Reality
11%
Be Here Now (Deluxe) Help!
10%
Singles Idler's Dream
10%
Be Here Now (Deluxe) (I Got) The Fever
10%
Dig Out Your Soul To Be Where There's Life
10%
Singles Angel Child
9%
Singles (As Long As They've Got) Cigarettes In Hell
9%
Singles Street Fighting Man
9%
Dig Out Your Soul Ain't Got Nothin'
7%
Singles Full On
7%
Be Here Now (Deluxe) If We Shadows
7%
Heathen Chemistry (Probably) All In My Mind
7%
Definitely Maybe (Deluxe) Strange Thing
7%
Singles Don't Stop
6%
Singles Eyeball Tickler
6%
Singles Pass Me Down The Wine
6%
Singles Shout It Out Loud
6%
Singles Carry Us All
5%
Be Here Now (Deluxe) Setting Sun
5%
Singles Thank You For The Good Times
5%
Singles Just Getting Older
4%
Singles One Way Road
4%
Singles The Quiet Ones
4%
Singles Those Swollen Hand Blues
4%
Singles (You've Got) The Heart Of A Star
4%
Singles Sittin' Here In Silence (On My Own)
3%
Singles Won't Let You Down
3%
No matching quizzes found
Score Distribution
Percent of People with Each Score
Percentile by Number Answered
Your Score History
You have not taken this quiz